000 00706nam a2200229Ia 4500
003 OSt
005 20240808135718.0
008 210716s2009 xx 000 0 und d
020 _a9788122419641
040 _cAIMIT LIBRARY
041 _aeng
082 _a005.13311
_22
_bRAJR
100 _aRajaram, R.
_9175837
245 _aObject oriented programming and c++ /
_cBy R Rajaram.
250 _a2nd ed.
260 _aNew Delhi :
_bNew Age International Pvt Ltd ,
_c2009.
300 _axii,360p. ;
_bPB
_c24 cm.
650 _aStructures and enumerated data types
_9175838
650 _aNumeric and string arrays
_9175839
650 _aC++ graphics
_9175840
942 _2ddc
_cBK
_e2nd ed.
_k005.13311 RAJR
999 _c192095
_d192095